00229 a2200109 4500001000700000020000600007040001100013100001700024240003700041245003200078362000900110171403 a  cMagnum aRamos, Clara10aMemorias da cachorra baleialpor10aMemorias da cachorra baleia0 a1899